Ετήσια έκθεση 2021: σχολικά εγχειρίδια: από την θεωρία στα κριτήρια αξιολόγησης

Αποθηκεύτηκε σε:
Λεπτομέρειες βιβλιογραφικής εγγραφής
Άλλοι συγγραφείς: Ματσαγγούρας, Ηλίας Γ., 1946- (Επιμελητής έκδοσης)
Μορφή: Βιβλίο
Γλώσσα:Greek
Δημοσίευση: Μαρούσι: Α.ΔΙ.Π.Π.Δ.Ε. ; 2021.
Θέματα:
Ετικέτες: Προσθήκη ετικέτας
Δεν υπάρχουν, Καταχωρήστε ετικέτα πρώτοι!

MARC

LEADER 00000nam a2200000 a 4500
001 1/126472
008 230427s2021####gr | ||| |||| ||gre||
020 |a 9786188402430 
020 |a 9786188402447  |q (e-book)  
040 |a GR-MyUa  |b gre  |c GR-MyUa  |e AACR2 
041 0 |a gre 
082 7 |a 372.357   |2 (23)  
245 1 0 |a Ετήσια έκθεση 2021:   |b σχολικά εγχειρίδια: από την θεωρία στα κριτήρια αξιολόγησης /   |c επιμέλεια: Ηλίας Γ. Ματσαγγούρας.  
260 |a Μαρούσι:   |b Α.ΔΙ.Π.Π.Δ.Ε. ;  |c 2021.  
300 |a 175 σ. :   |c 25 εκ.  
500 |a Η παρούσα έκθεση αποτελεί αποτέλεσμα επεξεργασίας και σύνθεσης των εισηγήσεων που ανέλαβαν, εκπόνησαν και υπέβαλαν προς το συμβούλιο της Α.ΔΙ.Π.Π.Δ.Ε. τόσο οι αποσπασμένοι στην αρχή εκπαιδευτικοί όσο και τα μέλη του συμβούλιο της αρχής. 
504 |a Περιέχει βιβλιογραφικές παραπομπές. 
650 0 |a Textbooks  |x Evaluation. 
650 0 |a Textbooks  |z Greece  |x Evalution. 
650 0 |a Educational evaluation  |z Greece. 
650 0 |a Education, Elementary  |z Greece  |x Methodology. 
700 1 |a Ματσαγγούρας, Ηλίας Γ.,   |d 1946-  |e edt 
970 |a Σιδερή  |b Νεκταρία   |z 2023-04-27